| 000 | 006440000a22002170004500 | ||
|---|---|---|---|
| 003 | LK-CoMWRAF | ||
| 005 | 20230913114055.0 | ||
| 008 | 230817t2005 ||||| |||| 00| 0 eng d | ||
| 020 | _a9558095877 | ||
| 040 |
_aLK-CoMWRAF _dLK-CoMWRAF _eLK-CoMWRAF |
||
| 041 | _aeng | ||
| 082 |
_a297 _bRAM |
||
| 100 | _aRamakrishna, Hema | ||
| 245 | _aSanctuary! | ||
| 250 | _a1st Edition | ||
| 260 |
_bVijitha Yapa _aSri Lanka(Colombo) _c2005 |
||
| 300 | _a86 p. ; 16 x 23 cm. | ||
| 500 | _aA play in six scenes, with a prologue delivered by the trees of the forest, and an epilogue delivered by Narada, the sage. | ||
| 650 | _aSanctuary! | ||
| 942 | _cBK | ||
| 999 |
_c808 _d808 |
||